[Event "Challenge"]
[Site "http://www.queenalice.com/game.php?id=1507493"]
[Date "2017.12.10"]
[Round "-"]
[White "paolop69"]
[Black "alexraponi"]
[Result "0-1"]
[WhiteElo "1772"]
[BlackElo "1848"]

1. e4 e5 2. Bc4 Nf6 3. d3 h6 4. h3 Bc5 5. c3 Be7 6. Nf3 d6 7. Be3 a6 8. Nbd2 Nc6
9. g4 b5 10. Bb3 a5 11. a3 a4 12. Bc2 Be6 13. Nh4 Nd7 14. f3 Bxh4+ 15. Bf2 Bxf2+
16. Kxf2 Qh4+ 17. Kg2 Ne7 18. Qe1 Qg5 19. Nf1 Nc5 20. h4 Qf4 21. Qe3 Qxe3 22.
Nxe3 Ng6 23. Kf2 Bb3 24. Kg3 Bxc2 25. Nxc2 Nxd3 26. Rab1 Ngf4 27. Rh2 Kd7 28.
Ne3 g6 29. Nd5 Nxd5 30. exd5 Nf4 31. Rd1 Rh7 32. Rc2 h5 33. g5 Ke7 34. c4 bxc4
35. Rxc4 Kd7 36. Rd2 Ra7 37. Rb4 Kc8 38. b3 axb3 39. Rxb3 Ra8 40. Kf2 Rh8 41.
Ra2 Nxd5 42. a4 Kd7 43. a5 Ra7 44. a6 Rha8 45. Ke2 Rxa6 46. Rxa6 Rxa6 47. Rd3
Nf4+ 0-1

[Event "Challenge"]
[Site "http://www.queenalice.com/game.php?id=1509516"]
[Date "2017.12.27"]
[Round "-"]
[White "Railton"]
[Black "alexraponi"]
[Result "1-0"]
[WhiteElo "1904"]
[BlackElo "1842"]

1. e4 e5 2. a3 a6 3. Nc3 Nf6 4. h3 Nc6 5. Nf3 Bd6 6. d3 h6 7. Be3 O-O 8. Be2 Ne7
9. b4 Ng6 10. Qc1 Kh7 11. O-O Be7 12. Qd2 d6 13. Rab1 b5 14. Nh2 Be6 15. f4 exf4
16. Bxf4 d5 17. e5 Nd7 18. d4 Nxf4 19. Qxf4 Bg5 20. Qf3 Qe7 21. Qd3+ g6 22. Nf3
Bf5 23. Qd1 Nb6 24. Bd3 Bxd3 25. Qxd3 c6 26. Rbe1 Nc4 27. Nd1 a5 28. Nxg5+ Qxg5
29. Rf6 axb4 30. axb4 Ra4 31. c3 Ra2 32. Qf1 Kg7 33. Rxc6 Nd2 34. Qf6+ Qxf6 35.
Rxf6 Ne4 36. Rb6 Rc2 37. Rxb5 Ra8 38. Ne3 Rf2 39. Ra5 Rc8 40. Nxd5 f5 41. exf6+
Rxf6 42. Rxe4 Rf7 43. Re7 Rxe7 44. Nxe7 Rxc3 45. Ra6 g5 46. Nf5+ Kf8 47. Rxh6
Rb3 48. Rb6 Kf7 49. Rb5 Kg6 50. Ne7+ Kf6 51. Nd5+ Kg6 52. Kh2 Rb1 53. Ne3 Rb3
54. Ng4 Rb2 55. d5 Rd2 56. Rc5 Kh5 57. b5 Rb2 58. d6 Kg6 59. d7 Rd2 60. Ne5+ Kf6
61. b6 Ke7 62. b7 Rb2 63. Rc8 Rxb7 64. d8=Q+ Ke6 65. Qxg5 Rb5 66. Re8+ Kd5 67.
Nf3+ Kc4 68. Re4+ Kd3 69. Qe3+ Kc2 70. Nd4+ Kd1 71. Qd3+ Kc1 72. Qc2# 1-0

[Event "Challenge"]
[Site "http://www.queenalice.com/game.php?id=1509521"]
[Date "2017.12.27"]
[Round "-"]
[White "alexraponi"]
[Black "poeleabois"]
[Result "1-0"]
[WhiteElo "1877"]
[BlackElo "1803"]

1. d4 d5 2. h3 Nf6 3. Nc3 e6 4. Bf4 Bd6 5. Bxd6 Qxd6 6. Nf3 O-O 7. e3 a6 8. Bd3
h6 9. O-O Nc6 10. a3 b5 11. Re1 g6 12. e4 dxe4 13. Bxe4 Bb7 14. Ne5 Nxe4 15.
Rxe4 f5 16. Nxg6 fxe4 17. Nxe4 Qd5 18. Nxf8 Qxe4 19. Nd7 Ne5 20. Nf6+ 1-0

[Event "Challenge"]
[Site "http://www.queenalice.com/game.php?id=1509522"]
[Date "2017.12.27"]
[Round "-"]
[White "poeleabois"]
[Black "alexraponi"]
[Result "1-0"]
[WhiteElo "1759"]
[BlackElo "1807"]

1. e4 e5 2. Nf3 Bd6 3. d3 h6 4. Nc3 a6 5. h3 Nf6 6. Be2 O-O 7. a3 Nc6 8. Be3 Be7
9. d4 exd4 10. Nxd4 Nxd4 11. Qxd4 Nh7 12. O-O Bf6 13. Qd3 c6 14. b4 b5 15. Bc5
Re8 16. Bd4 Bxd4 17. Qxd4 Re6 18. Bg4 Re7 19. Rae1 Nf6 20. e5 Nxg4 21. Qxg4 Re6
22. f4 Rg6 23. Qf3 Bb7 24. f5 Rg5 25. h4 Qb6+ 26. Kh2 c5 27. Ne4 Bxe4 28. Qxe4
Rh5 29. Qxa8+ Kh7 30. Qf3 Rxh4+ 31. Kg1 cxb4+ 32. Rf2 Rc4 33. f6 g6 34. axb4
Rxb4 35. g3 Rc4 36. Qd3 Qa7 37. Kg2 Qb7+ 38. Kh3 Qc6 39. Rd1 Qe6+ 40. Kg2 Rc7
41. Re1 Rc4 42. Rd1 Rc7 43. Qe4 Rc5 44. Re1 a5 45. Qa8 Qc6+ 46. Qxc6 Rxc6 47.
Ra1 a4 48. Rb1 1-0

[Event "Challenge"]
[Site "http://www.queenalice.com/game.php?id=1510524"]
[Date "2018.1.4"]
[Round "-"]
[White "paolop69"]
[Black "alexraponi"]
[Result "0-1"]
[WhiteElo "1716"]
[BlackElo "1867"]

1. e4 e5 2. d3 h6 3. c3 a6 4. Nf3 Bd6 5. h3 Nf6 6. Be3 O-O 7. Nbd2 b5 8. b4 Bb7
9. Be2 Nh7 10. a3 Nc6 11. g3 Ne7 12. Nh4 Bc8 13. Nf5 Nxf5 14. exf5 Be7 15. Ne4
d5 16. Nc5 Bxf5 17. g4 Bc8 18. Bf3 Bxc5 19. Bxc5 Re8 20. O-O Ng5 21. Bg2 c6 22.
f3 Ne6 23. d4 exd4 24. cxd4 Nf4 25. Re1 Rxe1+ 26. Qxe1 Be6 27. Bf1 Qd7 28. Qe5
Ng6 29. Qd6 Qe8 30. Bd3 Rd8 31. Qg3 Nh8 32. Re1 Qd7 33. Bb6 Re8 34. h4 g6 35.
Bc7 Rc8 36. Be5 Re8 37. Bxh8 Kxh8 38. Qe5+ Kg8 39. Qf6 Qc7 40. Kg2 Qd8 41. Qxd8
Rxd8 42. Kg3 Kg7 43. f4 Rg8 44. f5 gxf5 45. gxf5 Kf6+ 46. Kf4 Bd7 47. Re3 Rg1
48. h5 Rg5 49. Rh3 Bxf5 50. Be2 Bxh3 0-1

[Event "Challenge"]
[Site "http://www.queenalice.com/game.php?id=1512991"]
[Date "2018.1.23"]
[Round "-"]
[White "alexraponi"]
[Black "paolop69"]
[Result "0-1"]
[WhiteElo "1889"]
[BlackElo "1734"]

1. d4 e6 2. a3 d6 3. h3 Be7 4. Bf4 a6 5. e3 h6 6. Bd3 c6 7. Nf3 g5 8. Bh2 Nf6 9.
O-O e5 10. dxe5 dxe5 11. Bxe5 Nbd7 12. Bh2 Nc5 13. Ne1 Bd6 14. Bxd6 Qxd6 0-1

[Event "Challenge"]
[Site "http://www.queenalice.com/game.php?id=1514513"]
[Date "2018.2.3"]
[Round "-"]
[White "Dinda54"]
[Black "alexraponi"]
[Result "0-1"]
[WhiteElo "1723"]
[BlackElo "1841"]

1. e4 e5 2. Nf3 Bd6 3. Bc4 h6 4. O-O Nf6 5. Nh4 O-O 6. Nc3 a6 7. Ng6 Re8 8. Nh4
Nh7 9. Qf3 Qf6 10. Nf5 Qg6 11. Nd5 Re6 12. Nxc7 Bxc7 13. Bxe6 Qxe6 14. Qg3 Qf6
15. Qc3 Nc6 16. Qg3 d6 17. Qb3 Na5 18. Qc3 Nc6 19. Qg3 Bxf5 20. exf5 Nd4 21. Kh1
Nxc2 22. Rb1 d5 23. Qb3 Qxf5 24. d3 Nd4 25. Qxb7 Rc8 26. f4 Qe6 27. Re1 Nf6 28.
fxe5 Ne8 29. Be3 Nc2 30. Rec1 Nxe3 31. Rc6 Qd7 32. e6 fxe6 33. Rbc1 Ng4 34. Re1
e5 35. h3 Nf2+ 36. Kg1 Nxd3 37. Rd1 e4 38. b3 a5 39. a3 Rb8 40. Rd6 Qxd6 0-1

[Event "Challenge"]
[Site "http://www.queenalice.com/game.php?id=1515599"]
[Date "2018.2.11"]
[Round "-"]
[White "alexraponi"]
[Black "paolop69"]
[Result "1-0"]
[WhiteElo "1873"]
[BlackElo "1722"]

1. e4 e5 2. Nf3 d6 3. h3 h6 4. Bc4 Nf6 5. Bd3 Be7 6. a3 a6 7. Nc3 c6 8. O-O Be6
9. Be2 b5 10. b4 Nbd7 11. d4 Bc4 12. Bxc4 bxc4 13. Qe2 Nb6 14. dxe5 dxe5 15.
Nxe5 O-O 16. Nxc6 Qc7 17. Nxe7+ Qxe7 18. Be3 Rad8 19. Bxb6 Rd7 20. Bc5 Qe5 21.
Bxf8 Kxf8 22. Qxc4 Rd6 23. Qc8+ Ne8 24. Nd5 Kg8 25. f3 Kh7 26. Ne3 Qd4 27. Rfe1
Rd8 28. Qf5+ Kg8 29. Kf1 Rd6 30. Rad1 Qf6 31. Qc8 Kh7 32. Qxe8 Rxd1 33. Nxd1 Qb6
34. Qxf7 Qb5+ 35. Kg1 Qb6+ 36. Kh1 Qd4 37. e5 Qd2 38. Qf5+ Kh8 39. Rg1 1-0

[Event "Challenge"]
[Site "http://www.queenalice.com/game.php?id=1516705"]
[Date "2018.2.20"]
[Round "-"]
[White "paolop69"]
[Black "alexraponi"]
[Result "1-0"]
[WhiteElo "1738"]
[BlackElo "1883"]

1. e4 e5 2. Bc4 a6 3. Qf3 Qe7 4. d3 h6 5. Ne2 Nf6 6. Ng3 d6 7. Nf5 Bxf5 8. exf5
Nc6 9. O-O Nd4 10. Qxb7 Rd8 11. Qxa6 Nxf5 12. Bb5+ Nd7 13. Qa4 Nd4 14. c3 Nxb5
15. Qxb5 Qf6 16. Be3 Be7 17. Nd2 O-O 18. Ne4 Qg6 19. a4 Qe6 20. c4 Rb8 21. Qc6
Rfc8 22. Qd5 Qg6 23. Ng3 Rxb2 24. Qe4 Qxe4 25. Nxe4 Rb3 26. Rfd1 f5 27. Nd2 Rxd3
28. g3 Rc3 29. a5 Nf6 30. a6 Ng4 31. a7 Ra8 32. h3 Nxe3 33. fxe3 Rxe3 34. Rdb1
Rxg3+ 35. Kh2 Rd3 36. Rb8+ Rxb8 37. axb8=Q+ Kf7 38. Nf1 c5 39. Ra2 e4 40. Rf2 g6
41. Qh8 h5 42. Qh7+ Kf6 43. Qh8+ Kf7 44. Qh7+ Kf6 45. Ng3 e3 46. Ne4+ Ke6 47.
Qxg6+ 1-0

[Event "Challenge"]
[Site "http://www.queenalice.com/game.php?id=1517435"]
[Date "2018.2.25"]
[Round "-"]
[White "alexraponi"]
[Black "poeleabois"]
[Result "0-1"]
[WhiteElo "1789"]
[BlackElo "1777"]

1. d4 d5 2. h3 Nc6 3. a3 e5 4. dxe5 Nxe5 5. Bf4 f6 6. e3 a6 7. Nc3 Ne7 8. Bxe5
fxe5 9. Nf3 e4 10. Nd4 g6 11. Be2 Bg7 12. O-O O-O 13. Bg4 Bxd4 14. exd4 c6 15.
Bxc8 Rxc8 16. Qg4 Kg7 17. Na4 h5 18. Qe6 Rf6 19. Qe5 Qd6 20. Nb6 Rd8 21. Qg5 Rf5
22. Qe3 Nc8 23. Nxc8 Rxc8 24. c3 b5 25. b4 Rcf8 26. Ra2 Qf4 0-1

[Event "Challenge"]
[Site "http://www.queenalice.com/game.php?id=1521657"]
[Date "2018.3.30"]
[Round "-"]
[White "alexraponi"]
[Black "paolop69"]
[Result "0-1"]
[WhiteElo "1861"]
[BlackElo "1760"]

1. Nf3 f6 2. d4 e6 3. a3 c6 4. Nc3 d5 5. Bf4 Bd6 6. Bxd6 Qxd6 7. e3 Nd7 8. Bd3
Ne7 9. O-O Nb6 10. h3 g6 11. Nh2 f5 12. f4 Nc4 13. Nf3 Nxe3 14. Qe2 Nxf1 0-1

[Event "Challenge"]
[Site "http://www.queenalice.com/game.php?id=1527663"]
[Date "2018.5.18"]
[Round "-"]
[White "alexraponi"]
[Black "paolop69"]
[Result "0-1"]
[WhiteElo "1773"]
[BlackElo "1751"]

1. d4 e6 2. e4 c6 3. a3 d5 4. e5 Be7 5. Nf3 h6 6. Bd3 f6 7. exf6 Bxf6 8. h3 Ne7
9. Bf4 g5 10. Bh2 Nd7 11. O-O Nf8 12. Nc3 a6 13. Re1 Bd7 0-1

[Event "Challenge"]
[Site "http://www.queenalice.com/game.php?id=1527664"]
[Date "2018.5.18"]
[Round "-"]
[White "paolop69"]
[Black "alexraponi"]
[Result "1-0"]
[WhiteElo "1768"]
[BlackElo "1756"]

1. e4 e5 2. Bc4 a6 3. Qh5 Qe7 4. d3 Nf6 5. Qe2 Nc6 6. c3 h6 7. b4 d6 8. Bd5 Nxd5
9. exd5 Na7 10. Nf3 Bg4 11. h3 Bf5 12. g4 Bg6 13. a4 Qd7 14. Nbd2 1-0

[Event "Challenge"]
[Site "http://www.queenalice.com/game.php?id=1531022"]
[Date "2018.6.14"]
[Round "-"]
[White "alexraponi"]
[Black "poeleabois"]
[Result "0-1"]
[WhiteElo "1759"]
[BlackElo "1698"]

1. e4 e5 2. h3 Nf6 3. Bd3 a6 4. a3 d6 5. Nc3 Be7 6. Nf3 O-O 7. O-O h6 8. Bc4 Nc6
9. d3 Bd7 10. Be3 b5 11. Ba2 g5 12. Nh2 b4 13. axb4 Nxb4 14. Bb3 Bb5 0-1

[Event "Challenge"]
[Site "http://www.queenalice.com/game.php?id=1531023"]
[Date "2018.6.14"]
[Round "-"]
[White "poeleabois"]
[Black "alexraponi"]
[Result "1-0"]
[WhiteElo "1716"]
[BlackElo "1741"]

1. e4 e5 2. Nf3 Bd6 3. Nc3 a6 4. Be2 h6 5. O-O Nc6 6. a3 Nf6 7. h3 O-O 8. d3 Bc5
9. Bd2 Nh5 10. Nxe5 Ng3 11. Re1 Nxe5 12. Bf4 Nxe2+ 13. Nxe2 Ng6 14. d4 1-0

[Event "Challenge"]
[Site "http://www.queenalice.com/game.php?id=1532601"]
[Date "2018.6.25"]
[Round "-"]
[White "alexraponi"]
[Black "Dinda54"]
[Result "1-0"]
[WhiteElo "1740"]
[BlackElo "1587"]

1. h3 e5 2. e4 h6 3. a3 Nf6 4. Qf3 a6 5. Bc4 d6 6. d3 b5 7. Ba2 Bb7 8. Nc3 Be7
9. Be3 c5 10. Nge2 Qc7 11. O-O Nc6 12. Nd5 Nxd5 13. Bxd5 O-O 14. Qg3 1-0

[Event "Challenge"]
[Site "http://www.queenalice.com/game.php?id=1532602"]
[Date "2018.6.25"]
[Round "-"]
[White "Dinda54"]
[Black "alexraponi"]
[Result "0-1"]
[WhiteElo "1577"]
[BlackElo "1750"]

1. e4 e5 2. h3 a6 3. Nf3 Bd6 4. Bd3 h6 5. Bc4 Nf6 6. O-O Nc6 7. b3 O-O 8. Nc3
Bc5 9. a3 d6 10. a4 Bd4 11. Bb2 Be6 12. Ra2 Bxc4 13. bxc4 Bxc3 0-1